000 00456nam a2200193Ia 4500
005 20240823054330.0
008 240823s9999||||xx |||||||||||||| ||und||
020 _a978-0-07-058636-9
041 _aENGLISH
082 _A658.85 P8
100 _aLinda Richardson
245 4 _aThe Sales Success Handbook
250 _a1st
260 _c2008
_b"Tata Mcgraw Hill,New "
500 _aYES
650 _aGeneral
_bGeneral
942 _cBK
999 _c226208
_d226208